Music Quiz

Random Music or This or That Quiz

Male Billboard UK or US Quiz Stats

 Plays Quiz Updated Jul 20, 2017

Support Sporcle.
Go Orange.
Score 0/20 Timer 04:00
1 Play Today
Singer UK or US % Correct
Tupac???
80.4%
Robbie Williams???
79%
Michael Jackson???
76.4%
Marvin Gaye???
74.6%
Nelly???
72.9%
Usher???
71.7%
Rod Stewart???
69.9%
Bruno Mars???
67.7%
Ed Sheeran???
67.2%
Avicii???
62.5%
Singer UK or US % Correct
Phil Collins???
61.8%
Fatboy Slim???
60.4%
Eric Clapton???
52.2%
George Michael???
42.6%
Elton John???
41.6%
David Bowie???
38%
Akon???
37.9%
Billy Joel???
35.2%
Justin Timberlake???
32.3%
Eminem???
24.8%

You're not logged in!

Compare scores with friends on all Sporcle quizzes.
OR
Log In
Forgot?

From the Vault

Artist by Painting

by The23

We hope that you Louvre this quiz.
Remove Ads.
Support Sporcle.
Get the best of Sporcle when you Go Orange. This ad-free experience offers more features, more stats, and more fun while also helping to support Sporcle. Thank you for becoming a member.

Show Comments

Extras

Top Quizzes Today


Score Distribution

Your Account Isn't Verified!

In order to create a playlist on Sporcle, you need to verify the email address you used during registration. Go to your Sporcle Settings to finish the process.

Report this User

Report this user for behavior that violates our Community Guidelines.

Details: